000
00274nam a2200133Ia 4500
003
SGT
082
_a
615.4
_b
P10W
100
_a
WARIING, EDWARD JOHN
245
_a
PHARMACOPOEIA OF INDIA
260
_b
ASIATE PUB
300
_a
502
650
_a
PHARMACEUTICS
942
_2
ddc
_c
BK
999
_c
7212
_d
7212